| 000 | 00609nam a2200229Ia 4500 | ||
|---|---|---|---|
| 003 | OSt | ||
| 005 | 20221007074826.0 | ||
| 006 | a|||||r|||| 00| 0 | ||
| 007 | ta | ||
| 008 | 221006b |||||||| |||| 00| 0 eng d | ||
| 024 | _a10,074 | ||
| 037 | _cReference Collections | ||
| 040 |
_aFLL _cFLL _beng |
||
| 041 |
_2eng _aeng |
||
| 082 | _aZ, N3 | ||
| 100 | _aDenning Lord Au. | ||
| 245 | 0 | _aDiscipline of law | |
| 260 |
_aNew Delhi _bAditya books private limited India _c1993 |
||
| 300 |
_a331p _ccm. |
||
| 942 |
_hZ, N3 _cREF _2CC |
||
| 999 |
_c1153808 _d1153808 |
||